LEADER 01584nam0-2200445---450 001 990008859360403321 005 20200715104223.0 010 $a88-902317-6-9 035 $a000885936 035 $aFED01000885936 035 $a(Aleph)000885936FED01 035 $a000885936 100 $a20090527d2008----km-y0itay50------ba 101 0 $aita 102 $aIT 105 $aa-------001yy 200 1 $aPaesaggio antico e medioevale nelle mappe aragonesi di Giovanni Pontano$ele terre del Principato Citra$fFernando La Greca, Vladimiro Valerio 210 $aAcciaroli (SA)$cEdizioni del Centro di promozione culturale per il Cilento$d2008 215 $a143 p.$cill.$d30 cm 225 1 $aFonti per la storia del Cilento 312 $aTitolo del dorso: Paesaggio antico e medioevale nelle mappe aragonesi di Giovanni Pontano 610 0 $aSalerno $aMappe$aSec. 15. 610 0 $aRegno di Napoli$aCarte geografiche$aSec. 15. 610 0 $aCampania$aCarte antiche 610 $aMedioevo$aPaesaggio 676 $a912.0903$v22$zita 700 1$aLa Greca,$bFernando$0262094 701 1$aValerio,$bVladimiro$f<1948- >$023908 801 0$aIT$bUNINA$gRICA$2UNIMARC 901 $aBK 912 $a990008859360403321 952 $aCI.03.045$b763$fCICE 952 $aSEZ.NA C 1018$b17774$fFARBC 952 $a912.09 GRE 1$bDip.Dis.Stor. 12361$fFLFBC 952 $aB-It 0250$bB.F.L.F.$fILFGE 959 $aCICE 959 $aFARBC 959 $aILFGE 996 $aPaesaggio antico e medioevale nelle mappe aragonesi di Giovanni Pontano$9804344 997 $aUNINA LEADER 01207nam 2200265z- 450 001 9910694023303321 005 20070719082958.0 035 $a(CKB)5860000000024711 035 $a(BIP)013663256 035 $a(EXLCZ)995860000000024711 100 $a20220406c2006uuuu -u- - 101 0 $aeng 200 10$aHealthier feds and families $eintroducing information technology into the Federal Employees Health Benefits Program : hearing before the Subcommittee on the Federal Workforce and Agency Organization of the Committee on Government Reform, House of Representatives, One Hundred Ninth Congress, second session, on H.R. 4895 ... March 15, 2006 215 $a1 online resource (iii, 177 p.) $cill 311 $a0-16-076262-6 517 $aHealthier feds and families 606 $aMedical records$xLaw and legislation$zUnited States 610 $aMedical records 610 $aMedical 615 0$aMedical records$xLaw and legislation 712 02$aUnited States, Congress House Committee on Government Reform Subcommittee on the Federal Workforce and Agency Organization Staff,$4oth 906 $aBOOK 912 $a9910694023303321 996 $aHealthier feds and families$93172253 997 $aUNINA